Research on Biomass of Broadleaved Species : = Výzkum biomasy listnatých dřevin : seminar proceedings : Prague, 8-9 November, 2013 /

Další autoři: Research on Biomass of Broadleaved Species, Trnková, Eliška
Jazyk: Angličtina
Čeština
Vydáno: Praha : Česká zemědělská univerzita v Praze, Fakulta lesnická a dřevařská, 2014
Vydání: 1. vyd.
Témata:
Fyzický popis: 111 s. : il., mapy, 1 plán ; 25 cm
Language note: Část. český text
Knihy
Uloženo v:
LEADER 01730nam a2200457 a 4500
001 nkc20142574626
003 CZ PrNK
005 20140728143351.0
007 ta
008 140319s2014 xr abe e 100 0 eng
015 |a cnb002574626 
020 |a 978-80-213-2448-0  |q (brož.) :  |c Kč 150,00 
035 |a (OCoLC)886602277 
040 |a BOA001  |b cze  |d OLA001 
041 0 |a eng  |a cze 
072 7 |a 574  |x Obecná ekologie  |2 Konspekt  |9 2 
080 |a 574.4/.5-026.15  |2 MRF 
080 |a 582.091/.093  |2 MRF 
080 |a (062.534)  |2 MRF 
111 2 |a Research on Biomass of Broadleaved Species  |d (2013 :  |c Praha, Česko)  |7 mzk2014828576 
245 1 0 |a Research on Biomass of Broadleaved Species :  |b = Výzkum biomasy listnatých dřevin : seminar proceedings : Prague, 8-9 November, 2013 /  |c [editor Eliška Trnková] 
246 3 1 |a Výzkum biomasy listnatých dřevin 
246 1 7 |a Research on Biomass of Broadleaved Species, 2014 
250 |a 1. vyd. 
260 |a Praha :  |b Česká zemědělská univerzita v Praze, Fakulta lesnická a dřevařská,  |c 2014 
300 |a 111 s. :  |b il., mapy, 1 plán ;  |c 25 cm 
500 |a 50 výt. 
504 |a Obsahuje bibliografie 
546 |a Část. český text 
650 0 7 |a biomasa  |7 ph118913  |2 czenas 
650 0 7 |a listnaté dřeviny  |7 ph115155  |2 czenas 
650 0 9 |a biomass  |2 eczenas 
650 0 9 |a broadleaves  |2 eczenas 
655 7 |a sborníky konferencí  |7 fd133333  |2 czenas 
655 9 |a proceedings of conferences  |2 eczenas 
700 1 |a Trnková, Eliška  |7 jx20120223039  |4 edt 
910 2 |a BOA001  |b 2-1257.412 
990 |a BK 
995 |a 01 
991 |b 201407  |c NOV  |e n 
996 6 |b 2610596407  |c 2-1257.412  |l MZK  |r Sklad / do 1 hodiny  |n 2  |p p.v.  |w 001433954  |u 000010  |a 1  |e BOA001  |j MZK50  |s P